| 000 | 00361nam a2200157Ia 4500 | ||
|---|---|---|---|
| 008 | 230524s9999 xx 000 0 und d | ||
| 082 |
_a658.45 _bFIN |
||
| 100 | _aByron J Finch | ||
| 245 | 0 | _aOperations Now | |
| 250 | _a3RD | ||
| 260 |
_aNEW DELHI _bTMH _c2008 |
||
| 300 | _aXXX;760 | ||
| 500 | _aQuantity Number: 5 | ||
| 650 | _aManagement | ||
| 942 | _cBK | ||
| 999 |
_c41934 _d41934 |
||